Word Ladder: Cloth Quiz Stats

 Plays Quiz Updated Aug 7, 2015

Challenge
Share
Tweet
Embed
Score 0/11 Timer 01:30
3 Plays Today
Hint 5-Letter Word % Correct
FrightenSCARE
96.6%
Winter wear or fashion accessory for the neckSCARF
96.1%
Total points, in a gameSCORE
95.3%
A usually triangular quick breadSCONE
84.8%
FragranceSCENT
84.1%
A division of a playSCENE
81.2%
A Scottish tartan patternPLAID
79.2%
A braidPLAIT
72.5%
Barely sufficientSCANT
72.1%
A factoryPLANT
69.3%
Incline from levelSLANT
66.8%

Today's Daily Dose

Word Ladder
Aquatic Life

On This Day
August 21st II

You're not logged in!

Compare scores with friends on all Sporcle quizzes.
Join for Free
OR
Log In

You Might Also Like...

Show Comments

Extras

Top Quizzes Today


Score Distribution

Your Account Isn't Verified!

In order to create a playlist on Sporcle, you need to verify the email address you used during registration. Go to your Sporcle Settings to finish the process.

Report this User

Report this user for behavior that violates our Community Guidelines.

Details: